<?xml version="1.0" encoding="UTF-8"?>
<record
    xmlns:xsi="http://www.w3.org/2001/XMLSchema-instance"
    xsi:schemaLocation="http://www.loc.gov/MARC21/slim http://www.loc.gov/standards/marcxml/schema/MARC21slim.xsd"
    xmlns="http://www.loc.gov/MARC21/slim">

  <leader>01571ngm a2200361   4500</leader>
  <controlfield tag="003">dpl</controlfield>
  <controlfield tag="005">20090106144450.0</controlfield>
  <controlfield tag="007">DVD</controlfield>
  <controlfield tag="008">||||||sp199   xxu|||||c |||  00| 0 ng d </controlfield>
  <datafield tag="010" ind1=" " ind2=" ">
    <subfield code="a">DVD-001910-1912</subfield>
  </datafield>
  <datafield tag="024" ind1=" " ind2=" ">
    <subfield code="a">TFVCD 324</subfield>
    <subfield code="c">34.00</subfield>
  </datafield>
  <datafield tag="035" ind1=" " ind2=" ">
    <subfield code="a">DVD-001910-1912</subfield>
  </datafield>
  <datafield tag="040" ind1=" " ind2=" ">
    <subfield code="a">DPL</subfield>
    <subfield code="c">DPL</subfield>
  </datafield>
  <datafield tag="082" ind1=" " ind2=" ">
    <subfield code="a">DVD / ZUBE</subfield>
  </datafield>
  <datafield tag="245" ind1=" " ind2=" ">
    <subfield code="a">Zubeidaa</subfield>
    <subfield code="c">F K R Production Presents</subfield>
    <subfield code="h">[videorecording] DVD/</subfield>
  </datafield>
  <datafield tag="260" ind1=" " ind2=" ">
    <subfield code="b">Time Video</subfield>
  </datafield>
  <datafield tag="300" ind1=" " ind2=" ">
    <subfield code="a">2 videodisc VCD;</subfield>
    <subfield code="b">sd., col. ;</subfield>
    <subfield code="c">4 3/4 in.</subfield>
    <subfield code="f">VCD</subfield>
  </datafield>
  <datafield tag="440" ind1=" " ind2=" ">
    <subfield code="a">Time Video Entertainment</subfield>
  </datafield>
  <datafield tag="500" ind1=" " ind2=" ">
    <subfield code="a">Company has obtained the necessary licence/conssent from the owner of the copyright in the wroks for making this DVD Film.</subfield>
  </datafield>
  <datafield tag="538" ind1=" " ind2=" ">
    <subfield code="a">Dolby Digital 5.1 - Hindi Subtitles: English</subfield>
  </datafield>
  <datafield tag="650" ind1=" " ind2=" ">
    <subfield code="a">Motion Picture</subfield>
  </datafield>
  <datafield tag="700" ind1=" " ind2=" ">
    <subfield code="a">Benegal, Shyam</subfield>
  </datafield>
  <datafield tag="700" ind1=" " ind2=" ">
    <subfield code="a">Rattonsey, Farouq</subfield>
  </datafield>
  <datafield tag="700" ind1=" " ind2=" ">
    <subfield code="a">Rahman, A. R. </subfield>
  </datafield>
  <datafield tag="700" ind1=" " ind2=" ">
    <subfield code="a">Kapoor, Karishma</subfield>
  </datafield>
  <datafield tag="700" ind1=" " ind2=" ">
    <subfield code="a">Bajpai, Manoj</subfield>
  </datafield>
  <datafield tag="700" ind1=" " ind2=" ">
    <subfield code="a">Puri, Amarish</subfield>
  </datafield>
  <datafield tag="942" ind1=" " ind2=" ">
    <subfield code="c">CF</subfield>
    <subfield code="2">ddc</subfield>
    <subfield code="h">VCD</subfield>
    <subfield code="m">ZUBE</subfield>
  </datafield>
  <datafield tag="999" ind1=" " ind2=" ">
    <subfield code="c">20647</subfield>
    <subfield code="d">20647</subfield>
  </datafield>
  <datafield tag="952" ind1=" " ind2=" ">
    <subfield code="0">0</subfield>
    <subfield code="1">0</subfield>
    <subfield code="2">ddc</subfield>
    <subfield code="4">0</subfield>
    <subfield code="7">0</subfield>
    <subfield code="a">L</subfield>
    <subfield code="b">L</subfield>
    <subfield code="d">2009-01-06</subfield>
    <subfield code="e">Purchase</subfield>
    <subfield code="g">34.00</subfield>
    <subfield code="l">33</subfield>
    <subfield code="o">VCD ZUBE</subfield>
    <subfield code="p">DVD-001910</subfield>
    <subfield code="r">2012-04-10 00:00:00</subfield>
    <subfield code="s">2012-04-02</subfield>
    <subfield code="t">1</subfield>
    <subfield code="v">34.00</subfield>
    <subfield code="w">2009-01-06</subfield>
    <subfield code="y">CF</subfield>
  </datafield>
  <datafield tag="952" ind1=" " ind2=" ">
    <subfield code="0">0</subfield>
    <subfield code="1">0</subfield>
    <subfield code="2">ddc</subfield>
    <subfield code="4">0</subfield>
    <subfield code="7">0</subfield>
    <subfield code="a">ZLS</subfield>
    <subfield code="b">ZLS</subfield>
    <subfield code="d">2009-01-06</subfield>
    <subfield code="e">Purchase</subfield>
    <subfield code="g">34.00</subfield>
    <subfield code="l">15</subfield>
    <subfield code="o">VCD ZUBE</subfield>
    <subfield code="p">DVD-001911</subfield>
    <subfield code="r">2018-01-10 00:00:00</subfield>
    <subfield code="s">2017-12-26</subfield>
    <subfield code="t">1</subfield>
    <subfield code="v">34.00</subfield>
    <subfield code="w">2009-01-06</subfield>
    <subfield code="y">CF</subfield>
  </datafield>
  <datafield tag="952" ind1=" " ind2=" ">
    <subfield code="0">0</subfield>
    <subfield code="1">0</subfield>
    <subfield code="2">ddc</subfield>
    <subfield code="4">0</subfield>
    <subfield code="7">0</subfield>
    <subfield code="a">BL1</subfield>
    <subfield code="b">BL1</subfield>
    <subfield code="d">2009-01-06</subfield>
    <subfield code="e">Purchase</subfield>
    <subfield code="g">34.00</subfield>
    <subfield code="l">4</subfield>
    <subfield code="o">VCD ZUBE</subfield>
    <subfield code="p">DVD-001912</subfield>
    <subfield code="r">2010-02-08 00:00:00</subfield>
    <subfield code="s">2010-01-25</subfield>
    <subfield code="t">1</subfield>
    <subfield code="v">34.00</subfield>
    <subfield code="w">2009-01-06</subfield>
    <subfield code="y">CF</subfield>
  </datafield>
</record>
